L'entreprise face à l'impayé : Actes du colloque de l'Université de Tou;ouse I 1 et 2 avril 1993

Uloženo v:
Podrobná bibliografie
Korporativní autor: Centre de Droit des Affaires de l'Université de Sciences sociales de Toulouse I
Médium: Kniha
Jazyk:Undetermined
Vydáno: Paris, Fre. Montchrestien 1994
Témata:
Tagy: Přidat tag
Žádné tagy, Buďte první, kdo otaguje tento záznam!
Thư viện lưu trữ: Trung tâm Học liệu Trường Đại học Cần Thơ
LEADER 00741nam a2200205Ia 4500
001 CTU_61611
008 210402s9999 xx 000 0 und d
082 |a 346.44065 
082 |b C397 
110 |a Centre de Droit des Affaires de l'Université de Sciences sociales de Toulouse I 
245 0 |a L'entreprise face à l'impayé : 
245 0 |b Actes du colloque de l'Université de Tou;ouse I 1 et 2 avril 1993 
245 0 |c Centre de Droit des Affaires de l'Université de Sciences sociales de Toulouse I 
260 |a Paris, Fre. 
260 |b Montchrestien 
260 |c 1994 
650 |a Business enterprises 
650 |x Law and legislation 
904 |i Minh,Hải 
980 |a Trung tâm Học liệu Trường Đại học Cần Thơ